South Park Fill-in-the-Blank Quiz Stats

 Plays Quiz Updated Jan 8, 2019

Support Sporcle.
Go Orange.
Score 0/24 Timer 06:00
0 Plays Today
Episode [Season] Missing Word % Correct
Scott Tenorman Must _____ [5]Die
94.1%
_____ Bonita [7]Casa
80.5%
How to Eat with Your _____ [5]Butt
73%
Two Guys _____ in a Hot Tub [3]Naked
71.6%
_____ School Musical [12]Elementary
65.7%
With _____ to Jesse Jackson [11]Apologies
63.5%
Britney's New _____ [12]Look
61%
An Elephant Makes Love to a _____ [1]Pig
60.9%
Conjoined _____ Lady [2]Fetus
60.7%
Prehistoric _____ Man [2]Ice
59.4%
_____ for Ratings [8]Quest
59.1%
_____ in the Closet [9]Trapped
57.1%
Episode [Season] Missing Word % Correct
You're Getting _____ [15]Old
56.9%
Mystery of the _____ Deuce [10]Urinal
56.6%
I Should Have Never Gone _____ [16]Ziplining
51.2%
It's a _____ Thing [14]Jersey
48.7%
_____'s Groovy Pirate Ghost Mystery [3]Korn
46.7%
Night of the Living _____ [11]Homeless
46.3%
Good Times with _____ [8]Weapons
45.4%
Dances with _____ [13]Smurfs
36.9%
World Wide _____ Concert [3]Recorder
36.5%
The Wacky _____ Adventure [4]Molestation
35.5%
_____ Kids [9]Ginger
34.2%
Fun with _____ [6]Veal
32.3%

From the Vault

Anime by Opening

by Johnny

If you'd like to see more anime quizzes on Sporcle, be sure to favorite this quiz.
Remove Ads.
Support Sporcle.
Get the best of Sporcle when you Go Orange. This ad-free experience offers more features, more stats, and more fun while also helping to support Sporcle. Thank you for becoming a member.

Show Comments

Extras

Top Quizzes Today


Score Distribution

Your Account Isn't Verified!

In order to create a playlist on Sporcle, you need to verify the email address you used during registration. Go to your Sporcle Settings to finish the process.

Report this User

Report this user for behavior that violates our Community Guidelines.

Details: